| LEADER |
00768nam0a2200217 450 |
| 001 |
16837069 |
| 010 |
|
|
|a 978-2-7493-0938-5
|b rel.
|d 11,5
|
| 100 |
|
|
|a 20210503d2021 u u0frey01 ba
|
| 101 |
0 |
|
|a fre
|
| 102 |
|
|
|a FR
|
| 200 |
0 |
|
|a sorcière au collège (Une)
|f scénario, Judith Peignen
|g dessins, Ariane Delrieu
|
| 207 |
|
1 |
|a
|
| 210 |
|
|
|a Issy-les-Moulineaux
|b 31-33, rue Ernest Renan
|c Vents d'ouest
|d 2021
|
| 215 |
|
|
|a 1 vol. (56 p.)
|c ill. en coul.
|d 30 cm
|
| 225 |
1 |
|
|v tome
|
| 461 |
|
0 |
|t Les sortilèges de Zora
|v 1
|
| 700 |
|
0 |
|a Peignen
|b Judith
|f 1970-....
|4 70
|
| 702 |
|
0 |
|a Delrieu
|b Ariane
|4 440
|
| 900 |
|
|
|a Bande Dessinée enfant ado
|
| 901 |
|
|
|a Accessible au prêt
|
| 995 |
|
|
|a Bibliothèque
|c Bibliothèque
|f 024021608
|h 024021608
|k BD PEI
|o p
|q a
|r az
|e Bibliothèque
|